00809nam a2200181 a 450000100100000000500170001000800410002704000250006808200160009310000440010924501260015326000630027930000250034204900090036795201140037695201200049099900170061000002928820200930055442.0110414s2001 dr ac 000 0 spa d aDO-SdBNPbspacBNPHU axxxxbB142i1 aBáez González, Victor Manuel95617113aLa industria azucarera y la situación de los bateyes en la República Dominicana /cVictor Manuel Báez González /. aSanto Domingo :bTalleres gráficos de dominicana,c2001. a44 p. :bil., retrs. aBNPD 0010718PDaPDbPDcCTd2011-04-14iLF1l0oxxxx B142ip29288-10r2020-06-25w2020-06-25yLFPDZNo se presta 0010718PDaPDbPDcCTd2011-04-14iLF1l0oxxxx B142ip29288-20r2020-06-25te. 2w2020-06-25yLFPDZNo se presta c28780d28780